New approaches to State and Peasant in Ottoman History

Αποθηκεύτηκε σε:
Λεπτομέρειες βιβλιογραφικής εγγραφής
Άλλοι συγγραφείς: Berktay, Halil 1947- (Επιμελητής έκδοσης), Faroqhi, Suraiya 1941- (Επιμελητής έκδοσης)
Μορφή: Βιβλίο
Γλώσσα:English
Δημοσίευση: London : Frank Cass, 1992
Σειρά:Library of peasant studies ; ; 10
Ετικέτες: Προσθήκη ετικέτας
Δεν υπάρχουν, Καταχωρήστε ετικέτα πρώτοι!

MARC

LEADER 00000nam a2200000 i 4500
001 1/97976
008 950228s1992 eng d
020 |a 0-7146-3468-9 
035 |l 10010760 
040 |a GR-MY-UA  |b gre  |e aacr 
041 0 |a eng 
082 0 |a 956 
245 1 0 |a New approaches to State and Peasant in Ottoman History /  |c Edited by Halil Berktay and Suraiya Faroqhi 
260 |a London :   |b Frank Cass,   |c 1992 
300 |a 282 p. 
490 1 |a Library of peasant studies  |v ; 10 
504 |a Includes bibliographical references and index 
700 1 |a Berktay, Halil  |d 1947-  |4 edt 
700 1 |a Faroqhi, Suraiya  |d 1941-  |4 edt 
830 0 |a Library of peasant studies ;  |v ; 10 
852 |a INST  |b LESVOS  |e 19950228  |h 956 NEW  |p 005100002690  |q 005100002690  |t BK  |y 0 
909 |a Λ  |b 028659